000 00650nam a2200229Ia 4500
005 20230401144934.0
008 230125s9999 xx 000 0 und d
020 _a9789332542204
041 _aeng
082 _a658.827
_bKEL
100 _aKeller K L
_9112896
245 _aStrategic Brand Management
250 _aEd.4th
260 _c2016
_bPearson Education
_aChennai
300 _a586p
500 _aBranding;strategic brand management
650 _aBranding strategic brand management
_9180932
700 _aKeller K L; Paramesmeswaran A M G & Jacob I
_9116897
906 _b241.49
942 _cBK
999 _c94624
_d94624